Pays d'Afrique avec une carte vierge - une minute sprint - Statistiques

Statistiques générales
  • Ce quiz a été pris 347 fois
  • Le résultat moyen est 28 sur 54
Réponses sur la Carte
Les réponses sont colorées sur une échelle allant du rouge au vert en fonction du pourcentage des utilisateurs qui les ont devinées à leur premier essai. Vous pouvez retrouver ces pourcentages ci-dessous.
 
Statistiques - réponses
Country % Correct
Algérie
93%
Maroc
91%
Égypte
88%
Tunisie
86%
Libye
83%
Soudan
81%
Mali
78%
Mauritanie
73%
Niger
73%
Tchad
71%
Nigeria
69%
Afrique du Sud
67%
Guinée
66%
Congo (Rep)
64%
Congo (Rep Dem)
64%
Sénégal
64%
Soudan du Sud
63%
Togo
63%
Éthiopie
62%
Somalie
62%
Bénin
60%
Ghana
59%
Gambie
57%
Angola
51%
Gabon
51%
Kenya
51%
Burkina Faso
50%
Érythrée
49%
Cameroun
47%
Côte d'Ivoire
46%
Namibie
46%
Guinée-Bissau
44%
Djibouti
42%
Lesotho
42%
Liberia
42%
Mozambique
42%
Tanzanie
42%
Zambie
42%
République Centrafricaine
37%
Rwanda
37%
Ouganda
36%
Malawi
35%
Sierra Leone
35%
Botswana
34%
Cabo Verde
34%
Madagascar
33%
Swaziland
32%
Zimbabwe
32%
Burundi
30%
Comores
28%
Guinée équatoriale
27%
Île Maurice
24%
Sao Tomé- et-Principe
23%
Seychelles
23%
Aucun quiz correspondant
Distribution des résultats
% des personnes avec chaque résultat
Percentile par nombre de réponses
Votre historique - résultats
Vous n’avez pas pris ce quiz